[Event "Gausdal Classics - GM B"]
[Site "Gausdal"]
[Date "2007.04.21"]
[Round "4"]
[White "Hole, Oystein"]
[Black "Greet, Andrew"]
[Result "0-1"]
[WhiteElo "2410"]
[BlackElo "2428"]
[PlyCount "108"]
[EventDate "2007.04.18"]
[EventType "swiss"]
[EventRounds "9"]
[EventCountry "NOR"]

1. Nf3 Nf6 2. c4 e6 3. Nc3 Bb4 4. Qc2 c5 5. a3 Ba5 6. e3 O-O 7. Be2 d5 8. cxd5
exd5 9. O-O Bxc3 10. Qxc3 b6 11. b4 Ba6 12. b5 Bb7 13. Bb2 Nbd7 14. a4 Re8 15.
Rfe1 a5 16. d4 Ne4 17. Qb3 Re6 18. Rad1 Rc8 19. Qa2 Qc7 20. g3 c4 21. Bf1 f5
22. Rc1 g5 23. Ba3 Qd8 24. Nd2 Qe8 25. Bg2 Nxd2 26. Qxd2 Qg6 27. Qd1 Nf6 28.
Qf3 Rc7 29. Qd1 h5 30. Qc2 Rh7 31. f3 g4 32. f4 h4 33. Kf2 hxg3+ 34. hxg3 Ne4+
35. Bxe4 fxe4 36. Rh1 Rh3 37. Rxh3 gxh3 38. Rh1 Bc8 39. Qe2 Rf6 40. Be7 Bg4 41.
Qb2 Re6 42. Bh4 Qf5 43. Rb1 Qh5 44. Kg1 Bf3 45. Re1 Bg2 46. Qf2 Re8 47. Kh2 Kf7
48. f5 Qf3 49. Qxf3 exf3 50. g4 Re4 51. Kg3 f2 52. Kxf2 Rxg4 53. Bg3 Be4 54.
Rc1 h2 0-1

[Event "Gausdal Classics - GM B"]
[Site "Gausdal"]
[Date "2007.04.21"]
[Round "4"]
[White "Dworakowska, Joanna"]
[Black "Cox, John"]
[Result "1-0"]
[WhiteElo "2363"]
[BlackElo "2411"]
[PlyCount "57"]
[EventDate "2007.04.18"]
[EventType "swiss"]
[EventRounds "9"]
[EventCountry "NOR"]

1. d4 Nf6 2. c4 e6 3. Nf3 c5 4. d5 d6 5. Nc3 exd5 6. cxd5 g6 7. h3 a6 8. a4 Qe7
9. Bg5 Bg7 10. e3 h6 11. Bh4 O-O 12. Nd2 Nbd7 13. Be2 g5 14. Bg3 Ne8 15. h4 f5
16. hxg5 hxg5 17. Qc2 Ne5 18. O-O-O c4 19. Bxe5 Qxe5 20. Nxc4 Qe7 21. Nb6 Rb8
22. Bd3 Qc7 23. a5 Qc5 24. Nca4 Qxa5 25. Nxc8 Rf7 26. Ncb6 Rc7 27. Bc4 Rbc8 28.
Kb1 Rxc4 29. Nxc4 1-0

[Event "Gausdal Classics - GM B"]
[Site "Gausdal"]
[Date "2007.04.21"]
[Round "4"]
[White "Hammer, Jon Ludvig"]
[Black "Rausis, Igors"]
[Result "1/2-1/2"]
[WhiteElo "2346"]
[BlackElo "2537"]
[PlyCount "117"]
[EventDate "2007.04.18"]
[EventType "swiss"]
[EventRounds "9"]
[EventCountry "NOR"]

1. e4 c6 2. d4 d5 3. Nd2 dxe4 4. Nxe4 Bf5 5. Nc5 b6 6. Nb3 e6 7. Nf3 Bd6 8. g3
h6 9. Bg2 Ne7 10. O-O Nd7 11. c4 Rc8 12. Be3 O-O 13. Qe2 Bh7 14. Rfd1 Nf5 15.
Rac1 Nxe3 16. Qxe3 Qf6 17. Nbd2 Rfd8 18. Ne4 Bxe4 19. Qxe4 c5 20. Qe2 cxd4 21.
Rxd4 Bc5 22. Rd3 Nb8 23. Rcd1 Rxd3 24. Rxd3 Nc6 25. b3 Rd8 26. Rxd8+ Qxd8 27.
Ne1 Nd4 28. Qd2 a5 29. Nd3 Be7 30. Be4 Qd6 31. Kf1 g5 32. Ne1 f5 33. Ba8 Kf7
34. Nc2 Nxc2 35. Qxc2 Qd4 36. Qe2 Bc5 37. h3 Kf6 38. Bb7 e5 39. g4 f4 40. Be4
Ke7 41. Qc2 Qa1+ 42. Kg2 Qe1 43. Bf3 Kd8 44. Qd1+ Qxd1 45. Bxd1 e4 46. f3 exf3+
47. Kxf3 Kd7 48. a4 Kd6 49. Ke4 Bf2 50. Bf3 Kc5 51. Kd3 Kb4 52. Kc2 Bd4 53. Bd1
Bf6 54. Bf3 Bd8 55. Bd1 Be7 56. Bf3 Bf6 57. Bd1 Kc5 58. Kd3 Bd8 59. Bf3 1/2-1/2

[Event "Gausdal Classics - GM B"]
[Site "Gausdal"]
[Date "2007.04.21"]
[Round "4"]
[White "Oral, Tomas"]
[Black "Bromberger, Stefan"]
[Result "1/2-1/2"]
[WhiteElo "2543"]
[BlackElo "2495"]
[PlyCount "34"]
[EventDate "2007.04.18"]
[EventType "swiss"]
[EventRounds "9"]
[EventCountry "NOR"]

1. e4 e5 2. Nf3 Nc6 3. Bb5 Nf6 4. O-O Nxe4 5. d4 Nd6 6. Bxc6 dxc6 7. dxe5 Nf5
8. Qxd8+ Kxd8 9. Nc3 Ne7 10. h3 h6 11. Rd1+ Ke8 12. Ne4 Ng6 13. b3 Bf5 14. Ng3
Be6 15. Nh5 c5 16. g4 Rg8 17. Bb2 Be7 1/2-1/2

[Event "Gausdal Classics - GM B"]
[Site "Gausdal"]
[Date "2007.04.21"]
[Round "4"]
[White "Pitl, Gregory"]
[Black "Lie, Espen"]
[Result "1/2-1/2"]
[WhiteElo "2367"]
[BlackElo "2335"]
[PlyCount "75"]
[EventDate "2007.04.18"]
[EventType "swiss"]
[EventRounds "9"]
[EventCountry "NOR"]

1. d4 d5 2. c4 e6 3. Nf3 c5 4. cxd5 exd5 5. g3 Nc6 6. Bg2 Nf6 7. O-O Be7 8. Nc3
O-O 9. Bg5 c4 10. Ne5 Be6 11. b3 Qa5 12. Qd2 Bb4 13. Nxc6 bxc6 14. Bxf6 gxf6
15. Rfc1 Rac8 16. bxc4 dxc4 17. a3 Bxc3 18. Qxc3 Qxc3 19. Rxc3 Rfd8 20. e3 c5
21. d5 Bxd5 22. Bxd5 Rxd5 23. Rxc4 Rb8 24. Ra2 Kg7 25. Rac2 Rb5 26. Ra4 a5 27.
Kf1 f5 28. Ke2 Kf6 29. Rh4 Kg6 30. Ra4 Kf6 31. Rh4 Kg6 32. h3 h6 33. Ra4 Kf6
34. Rh4 Kg6 35. Rhc4 Rb3 36. Ra4 Rb5 37. Rac4 Rb3 38. Ra4 1/2-1/2

[Event "Gausdal Classics - GM B"]
[Site "Gausdal"]
[Date "2007.04.21"]
[Round "4"]
[White "Stokke, Kjetil"]
[Black "Westerinen, Heikki MJ"]
[Result "1/2-1/2"]
[WhiteElo "2339"]
[BlackElo "2384"]
[PlyCount "129"]
[EventDate "2007.04.18"]
[EventType "swiss"]
[EventRounds "9"]
[EventCountry "NOR"]

1. d4 Nf6 2. c4 g6 3. Nc3 Bg7 4. e4 d6 5. Nf3 Bg4 6. Be2 Nc6 7. d5 Bxf3 8. Bxf3
Ne5 9. Be2 c6 10. O-O O-O 11. Be3 a6 12. f4 Ned7 13. Qd2 cxd5 14. exd5 Nc5 15.
Bf3 Qa5 16. Rab1 Qb4 17. Qe2 Nfd7 18. Rfc1 b5 19. cxb5 axb5 20. a3 Qb3 21. Nxb5
Rfb8 22. Nd4 Qd3 23. Qxd3 Nxd3 24. Rc7 N7c5 25. Nc6 Rxb2 26. Rxb2 Bxb2 27. Rc8+
Rxc8 28. Nxe7+ Kf8 29. Nxc8 Bxa3 30. Nxd6 Nd7 31. Nc4 Bc5 32. Bxc5+ N7xc5 33.
g3 Ke7 34. Kf1 Nb7 35. Ke2 Ndc5 36. g4 Nd6 37. Ne5 f6 38. Nc6+ Kd7 39. Ke3 h6
40. h4 Nb5 41. Na5 g5 42. fxg5 fxg5 43. h5 Kd6 44. Nc4+ Ke7 45. Nd2 Kf6 46. Be2
Nd6 47. Kd4 Nd7 48. Nf3 Nf7 49. Nd2 Nd6 50. Nf1 Ke7 51. Ne3 Kf6 52. Bd3 Ne5 53.
Kc5 Nb7+ 54. Kb6 Nxd3 55. Kxb7 Ke5 56. Nf5 Kxd5 57. Nxh6 Nf2 58. Kb6 Ke5 59.
Kc5 Ne4+ 60. Kc4 Nf6 61. Kd3 Kf4 62. Kd4 Kg3 63. Ke5 Nxh5 64. Kf5 Kh4 65. gxh5
1/2-1/2

[Event "Gausdal Classics - GM B"]
[Site "Gausdal"]
[Date "2007.04.21"]
[Round "4"]
[White "Reinderman, Dimitri"]
[Black "Kvisla, Johannes Luangtep"]
[Result "1-0"]
[WhiteElo "2516"]
[BlackElo "2134"]
[PlyCount "45"]
[EventDate "2007.04.18"]
[EventType "swiss"]
[EventRounds "9"]
[EventCountry "NOR"]

1. e4 e5 2. Nf3 Nc6 3. Bb5 Nf6 4. O-O Nxe4 5. d4 a6 6. Bxc6 dxc6 7. Qe2 Bf5 8.
Nxe5 f6 9. g4 fxe5 10. gxf5 Qh4 11. dxe5 O-O-O 12. f3 Bc5+ 13. Kg2 Ng5 14. Nc3
Qh3+ 15. Kh1 Qxf5 16. Bxg5 Qxg5 17. f4 Qf5 18. Ne4 Bb6 19. Rae1 Rhe8 20. b3 h6
21. Qg2 Re6 22. Ng3 Qg4 23. h3 1-0

[Event "Gausdal Classics - GM B"]
[Site "Gausdal"]
[Date "2007.04.21"]
[Round "4"]
[White "White, Michael"]
[Black "Tjolsen, Katrine"]
[Result "1/2-1/2"]
[WhiteElo "2260"]
[BlackElo "2081"]
[PlyCount "144"]
[EventDate "2007.04.18"]
[EventType "swiss"]
[EventRounds "9"]
[EventCountry "NOR"]

1. e4 c5 2. Nf3 Nc6 3. d4 cxd4 4. Nxd4 Nf6 5. Nc3 e5 6. Ndb5 d6 7. Bg5 a6 8.
Na3 b5 9. Nd5 Be7 10. Bxf6 Bxf6 11. c3 Bg5 12. Nc2 Rb8 13. a4 bxa4 14. Ncb4 Bd7
15. Bxa6 Nxb4 16. cxb4 O-O 17. O-O Bc6 18. Rxa4 Bxa4 19. Qxa4 f5 20. b5 fxe4
21. Qxe4 Kh8 22. b4 Qd7 23. b6 Qc6 24. b5 Qc5 25. b7 Bd8 26. g3 Rf7 27. Nb4 Bb6
28. Qd5 Qxd5 29. Nxd5 Bc5 30. Kg2 Rfxb7 31. Bxb7 Rxb7 32. b6 Kg8 33. Kf3 Kf7
34. Ke4 Ke6 35. f4 exf4 36. gxf4 Kd7 37. Rf3 Kc6 38. Rh3 g6 39. Nf6 Bxb6 40.
Rxh7 Rxh7 41. Nxh7 d5+ 42. Kf3 Bd8 43. Nf8 Kd6 44. Nxg6 Ke6 45. Kg4 Kf6 46. Ne5
Be7 47. h4 Kg7 48. h5 d4 49. Kf5 Kh6 50. Kg4 Bf6 51. Nd3 Be7 52. Nf2 Bd8 53.
Nd3 Be7 54. Ne5 Bf6 55. Nf7+ Kg7 56. Nd6 d3 57. Nf5+ Kh7 58. Kf3 Bc3 59. Ne3 d2
60. Nd1 Bb4 61. Kg4 Kh6 62. Ne3 Bc5 63. Nd1 Bd4 64. f5 Bf6 65. Ne3 Be5 66. Kh4
Bd4 67. Nd1 Bf6+ 68. Kg4 Bd4 69. Kf4 Kxh5 70. Ke4 Kg5 71. f6 Kxf6 72. Kxd4 Kf5
1/2-1/2

[Event "Gausdal Classics - GM B"]
[Site "Gausdal"]
[Date "2007.04.21"]
[Round "4"]
[White "Reppen, Sigmund"]
[Black "Guddahl, Viggo"]
[Result "0-1"]
[WhiteElo "2093"]
[BlackElo "2159"]
[PlyCount "82"]
[EventDate "2007.04.18"]
[EventType "swiss"]
[EventRounds "9"]
[EventCountry "NOR"]

1. d4 Nf6 2. Nf3 e6 3. Bf4 c5 4. c3 Nc6 5. e3 d5 6. Nbd2 Be7 7. h3 a6 8. Bd3
Bd7 9. Rc1 Rc8 10. Ne5 Qb6 11. b3 O-O 12. Bg5 Qd8 13. Bb1 Nxe5 14. dxe5 Ne4 15.
Bxe7 Qxe7 16. Nxe4 dxe4 17. Bxe4 Bc6 18. Bxc6 Rxc6 19. O-O Qc7 20. f4 Rd8 21.
Qe2 c4 22. b4 Rd3 23. Rfd1 Qd7 24. Rxd3 cxd3 25. Qd2 Rc8 26. c4 Rd8 27. Rc3 f6
28. a3 g5 29. g3 fxe5 30. fxe5 h6 31. Kh2 Qh7 32. a4 Qe4 33. b5 axb5 34. axb5
h5 35. c5 h4 36. gxh4 Qxe5+ 37. Kh1 Qxc3 38. Qxc3 d2 39. Kg2 d1=Q 40. hxg5 Qd2+
41. Qxd2 Rxd2+ 0-1

[Event "Gausdal Classics - GM B"]
[Site "Gausdal"]
[Date "2007.04.21"]
[Round "4"]
[White "Saevareid, Ove"]
[Black "Carlsen, Henrik"]
[Result "1/2-1/2"]
[WhiteElo "2198"]
[BlackElo "2095"]
[PlyCount "138"]
[EventDate "2007.04.18"]
[EventType "swiss"]
[EventRounds "9"]
[EventCountry "NOR"]

1. Nf3 Nf6 2. c4 g6 3. Nc3 Bg7 4. g3 O-O 5. Bg2 d5 6. cxd5 Nxd5 7. O-O c6 8.
Qb3 Nxc3 9. bxc3 Nd7 10. d3 Qb6 11. Qc2 e5 12. Rb1 Qc7 13. Nd2 Nf6 14. c4 Be6
15. Ba3 Rfd8 16. Bb2 Re8 17. Bc3 b6 18. Qb2 Nd7 19. Ne4 Rab8 20. Bb4 c5 21. Bd2
h6 22. Qc1 Kh7 23. Nc3 Nf6 24. Qa3 Qd7 25. Rfd1 Re7 26. Be3 Rd8 27. Qc1 Ng4 28.
Bd2 Nf6 29. Qc2 Bh3 30. Bh1 Be6 31. a4 Ng4 32. Qc1 f5 33. Bd5 Nf6 34. e4 fxe4
35. dxe4 Bg4 36. Re1 Bf3 37. Re3 Qg4 38. Qf1 Rf8 39. a5 bxa5 40. Rb5 Nxd5 41.
cxd5 Qc8 42. h3 Rb7 43. Rxb7 Qxb7 44. Qd3 Qf7 45. Be1 g5 46. Na4 g4 47. Nxc5
gxh3 48. Kh2 Bg4 49. Qb5 h5 50. Qxa5 h4 51. Qa6 Bc8 52. Qe2 Bh6 53. Rc3 hxg3+
54. fxg3 Qf1 55. Rc2 Qxe2+ 56. Rxe2 Bg4 57. Rf2 Rc8 58. Nd3 Be3 59. Ra2 Bd4 60.
Bf2 Bf3 61. Bxd4 exd4 62. Kxh3 Bxe4 63. Rxa7+ Kg6 64. Nf4+ Kf6 65. g4 Ke5 66.
Rf7 Rd8 67. Kg3 Bxd5 68. Rf5+ Ke4 69. Nxd5 Rxd5 1/2-1/2

[Event "Gausdal Classics - GM B"]
[Site "Gausdal"]
[Date "2007.04.21"]
[Round "4"]
[White "Welling, Gerard"]
[Black "Torgersen, Terje"]
[Result "1-0"]
[WhiteElo "2384"]
[BlackElo "2133"]
[PlyCount "101"]
[EventDate "2007.04.18"]
[EventType "swiss"]
[EventRounds "9"]
[EventCountry "NOR"]

1. g3 c5 2. Bg2 Nc6 3. c4 Nf6 4. Nc3 g6 5. a3 Bg7 6. Rb1 a5 7. Nf3 O-O 8. O-O
d5 9. cxd5 Nxd5 10. Nxd5 Qxd5 11. d3 Qa2 12. Be3 Nd4 13. Bxd4 cxd4 14. Nd2 Be6
15. Qa4 b5 16. Qxb5 Rfb8 17. Qa4 Ra7 18. Bc6 Bb3 19. Nxb3 Qxb3 20. Qxb3 Rxb3
21. Bd5 Rb5 22. Bc4 Re5 23. b4 e6 24. Rfe1 Bf8 25. f4 Rf5 26. Rb3 Rb7 27. Reb1
axb4 28. axb4 e5 29. Bd5 Rb6 30. Be4 Rff6 31. fxe5 Rfe6 32. b5 Rxe5 33. R3b2
Bd6 34. Kf1 f5 35. Bf3 g5 36. h3 g4 37. hxg4 fxg4 38. Bxg4 Re3 39. Bf3 Bxg3 40.
Rb4 Be5 41. Ra4 Kf8 42. Ra6 Rb8 43. b6 Bd6 44. b7 Ke7 45. Ra8 Re6 46. Rb6 Bc7
47. Rxe6+ Kxe6 48. Bg4+ Ke5 49. Bc8 Kf4 50. Ra6 h5 51. Kg2 1-0

[Event "Gausdal Classics - GM B"]
[Site "Gausdal"]
[Date "2007.04.21"]
[Round "4"]
[White "Bentsen, Oyvind"]
[Black "Urkedal, Frode"]
[Result "1-0"]
[WhiteElo "2180"]
[BlackElo "2176"]
[PlyCount "99"]
[EventDate "2007.04.18"]
[EventType "swiss"]
[EventRounds "9"]
[EventCountry "NOR"]

1. e4 c5 2. Nf3 d6 3. d4 cxd4 4. Nxd4 Nf6 5. Nc3 a6 6. Be2 e5 7. Nb3 Be7 8. Be3
Be6 9. Nd5 Bxd5 10. exd5 Nbd7 11. O-O Rc8 12. c4 O-O 13. Rc1 Re8 14. Bd3 Bf8
15. Re1 g6 16. f3 Bg7 17. Qd2 e4 18. fxe4 Ng4 19. Rc2 Nxe3 20. Qxe3 Ne5 21. Kh1
f5 22. Nd2 Ng4 23. Qg1 f4 24. Nf3 Ne3 25. Rxe3 fxe3 26. Qxe3 b5 27. b3 Qf6 28.
e5 dxe5 29. Nd2 e4 30. Nxe4 Qe5 31. g3 bxc4 32. bxc4 Rb8 33. c5 Qh5 34. d6 Qh3
35. Rf2 Rf8 36. Bc4+ Kh8 37. Qe1 Rxf2 38. Nxf2 Qf5 39. Qe3 Be5 40. Bd3 Qe6 41.
Ng4 Qxg4 42. Qxe5+ Kg8 43. d7 Qf3+ 44. Kg1 Qd1+ 45. Kg2 Qd2+ 46. Be2 Rf8 47. c6
h5 48. Qe6+ Kg7 49. c7 Kh6 50. c8=Q 1-0

[Event "Gausdal Classics - GM B"]
[Site "Gausdal"]
[Date "2007.04.21"]
[Round "4"]
[White "van den Bessekaar, Jeroen"]
[Black "Andersen, Mads"]
[Result "1-0"]
[WhiteElo "2189"]
[BlackElo "2039"]
[PlyCount "59"]
[EventDate "2007.04.18"]
[EventType "swiss"]
[EventRounds "9"]
[EventCountry "NOR"]

1. d4 Nf6 2. c4 g6 3. Nc3 d5 4. Bg5 Ne4 5. Bh4 Nxc3 6. bxc3 dxc4 7. e3 Bg7 8.
Bxc4 O-O 9. Nf3 c5 10. O-O Nc6 11. Rb1 cxd4 12. cxd4 Na5 13. Be2 b6 14. e4 Bb7
15. d5 h6 16. Nd4 Bxd4 17. Qxd4 f5 18. f3 Nc6 19. Qb2 Nb8 20. Qa3 g5 21. Be1
fxe4 22. fxe4 Rxf1+ 23. Bxf1 e6 24. Qh3 exd5 25. Qe6+ Kh8 26. Qxh6+ Kg8 27.
Qg6+ Kh8 28. exd5 Qc7 29. Bf2 Qe5 30. Re1 1-0

[Event "Gausdal Classics - GM B"]
[Site "Gausdal"]
[Date "2007.04.21"]
[Round "4"]
[White "Thomassen, Joachim"]
[Black "Royset, Paal"]
[Result "0-1"]
[WhiteElo "2048"]
[BlackElo "2238"]
[PlyCount "84"]
[EventDate "2007.04.18"]
[EventType "swiss"]
[EventRounds "9"]
[EventCountry "NOR"]

1. e4 e5 2. Nf3 Nc6 3. Bb5 a6 4. Ba4 Nf6 5. O-O Be7 6. Re1 b5 7. Bb3 d6 8. c3
O-O 9. h3 Na5 10. Bc2 c5 11. d4 Bb7 12. d5 Nc4 13. a4 Nb6 14. b3 Bc8 15. Qe2
Bd7 16. c4 b4 17. Nbd2 Nh5 18. Nf1 Bf6 19. g4 Nf4 20. Bxf4 exf4 21. e5 dxe5 22.
Nxe5 Re8 23. Qe4 Rxe5 24. Qxh7+ Kf8 25. d6 g6 26. Bxg6 fxg6 27. Rxe5 Bxe5 28.
Re1 Bf6 29. g5 Bxg5 30. Qh8+ Kf7 31. Qh7+ Kf6 32. h4 Kf5 33. hxg5 Qxg5+ 34.
Ng3+ fxg3 35. f4 Kxf4 36. Qh1 Bf5 37. Qg2 Kg4 38. a5 Qf4 39. Qe2+ Qf3 40. axb6
Qxe2 41. Rxe2 Rb8 42. Rd2 Be4 0-1

[Event "Gausdal Classics - GM B"]
[Site "Gausdal"]
[Date "2007.04.22"]
[Round "5"]
[White "Lie, Espen"]
[Black "Oral, Tomas"]
[Result "1/2-1/2"]
[WhiteElo "2335"]
[BlackElo "2543"]
[PlyCount "77"]
[EventDate "2007.04.18"]
[EventType "swiss"]
[EventRounds "9"]
[EventCountry "NOR"]

1. e4 c5 2. Nf3 Nc6 3. d4 cxd4 4. Nxd4 Qc7 5. Nc3 e6 6. Be3 a6 7. Bd3 b5 8.
Nxc6 Qxc6 9. O-O Bb7 10. f3 Bc5 11. Qe1 Nf6 12. Kh1 Bxe3 13. Qxe3 Qc7 14. a4 b4
15. Na2 a5 16. c3 bxc3 17. Nxc3 O-O 18. Nb5 Qb8 19. e5 Nd5 20. Qe4 f5 21. Qd4
Nb4 22. Rfd1 Bd5 23. Nd6 Nc6 24. Qc3 Qb3 25. Bc4 Qxc3 26. bxc3 Bxc4 27. Nxc4
Ra7 28. Rab1 Rc7 29. h3 Ne7 30. Nxa5 Ra8 31. Rb7 Rxb7 32. Nxb7 Rxa4 33. Rxd7
Nc6 34. Rd6 Nxe5 35. Rxe6 Nd3 36. Rd6 Nf4 37. Rd4 Rxd4 38. cxd4 Kf7 39. Kh2
1/2-1/2

[Event "Gausdal Classics - GM B"]
[Site "Gausdal"]
[Date "2007.04.22"]
[Round "5"]
[White "Aarland, Stein Arild"]
[Black "Reinderman, Dimitri"]
[Result "0-1"]
[WhiteElo "2265"]
[BlackElo "2516"]
[PlyCount "66"]
[EventDate "2007.04.18"]
[EventType "swiss"]
[EventRounds "9"]
[EventCountry "NOR"]

1. d4 Nf6 2. c4 g6 3. Nc3 Bg7 4. Nf3 O-O 5. Bf4 Nh5 6. Bg5 h6 7. Bh4 f5 8. e3
d6 9. Be2 g5 10. Nd2 Nf6 11. Bg3 Nc6 12. h4 f4 13. Bh2 fxe3 14. fxe3 gxh4 15.
Bg1 h3 16. gxh3 e5 17. d5 Nxd5 18. h4 Nxc3 19. bxc3 e4 20. Nxe4 Qe7 21. Nd2
Bxc3 22. Rc1 Bg7 23. Bf2 Kh8 24. Nf3 Bg4 25. Ng5 Rxf2 26. Kxf2 Rf8+ 27. Kg2
Qxe3 28. Qe1 Qxe2+ 29. Qxe2 Bxe2 30. Rhe1 hxg5 31. Rxe2 gxh4 32. Kh3 Bf6 33.
Kg4 Rg8+ 0-1

[Event "Gausdal Classics - GM B"]
[Site "Gausdal"]
[Date "2007.04.22"]
[Round "5"]
[White "Rausis, Igors"]
[Black "Dworakowska, Joanna"]
[Result "1-0"]
[WhiteElo "2537"]
[BlackElo "2363"]
[PlyCount "93"]
[EventDate "2007.04.18"]
[EventType "swiss"]
[EventRounds "9"]
[EventCountry "NOR"]

1. d4 d5 2. Nf3 c6 3. c4 e6 4. Qc2 dxc4 5. Bg5 Nf6 6. Qxc4 b5 7. Qc2 Bb7 8. e3
Nbd7 9. Nbd2 Qb6 10. a4 a6 11. Bd3 Be7 12. O-O Rc8 13. Ne5 Nxe5 14. dxe5 Nd7
15. Bf4 Nc5 16. a5 Qd8 17. Be2 O-O 18. Rfd1 Qc7 19. Nf3 Rfd8 20. Ng5 g6 21. h4
Rxd1+ 22. Rxd1 Qxa5 23. h5 Rd8 24. Rd6 Nd7 25. hxg6 hxg6 26. Rxe6 Qe1+ 27. Bf1
Nf8 28. Rxe7 Rd2 29. Qxd2 Qxd2 30. Rxb7 Qxb2 31. Nxf7 Ne6 32. Nh6+ Kf8 33. Ng4
a5 34. Nf6 g5 35. Nh7+ Kg8 36. Nxg5 Nxg5 37. Bxg5 Qxe5 38. Bf4 Qa1 39. e4 a4
40. e5 a3 41. e6 a2 42. Ra7 Qf6 43. Rxa2 Qxe6 44. Ra8+ Kf7 45. Rb8 Qe1 46. g3
b4 47. Bd6 1-0

[Event "Gausdal Classics - GM B"]
[Site "Gausdal"]
[Date "2007.04.22"]
[Round "5"]
[White "Cox, John"]
[Black "van den Bessekaar, Jeroen"]
[Result "1-0"]
[WhiteElo "2411"]
[BlackElo "2189"]
[PlyCount "47"]
[EventDate "2007.04.18"]
[EventType "swiss"]
[EventRounds "9"]
[EventCountry "NOR"]

1. d4 d5 2. c4 c6 3. Nf3 Nf6 4. Nc3 e6 5. Bg5 h6 6. Bxf6 Qxf6 7. Qb3 a5 8. e4
dxe4 9. Nxe4 Bb4+ 10. Kd1 Qf4 11. Qe3 Qxe3 12. fxe3 f5 13. Ned2 Nd7 14. c5 Bxd2
15. Kxd2 e5 16. Bc4 e4 17. Nh4 Nf8 18. Raf1 g6 19. g4 fxg4 20. Bf7+ Ke7 21.
Bxg6 Be6 22. a3 Bd5 23. Rhg1 h5 24. Rf5 1-0

[Event "Gausdal Classics - GM B"]
[Site "Gausdal"]
[Date "2007.04.22"]
[Round "5"]
[White "Mikkelsen, Nikolaj"]
[Black "Hole, Oystein"]
[Result "1/2-1/2"]
[WhiteElo "2294"]
[BlackElo "2410"]
[PlyCount "83"]
[EventDate "2007.04.18"]
[EventType "swiss"]
[EventRounds "9"]
[EventCountry "NOR"]

1. e4 c6 2. d4 d5 3. Nc3 dxe4 4. Nxe4 Bf5 5. Ng3 Bg6 6. h4 h6 7. Nf3 Nd7 8. h5
Bh7 9. Bd3 Bxd3 10. Qxd3 Qc7 11. Bd2 Ngf6 12. O-O-O e6 13. Ne4 Nxe4 14. Qxe4
Nf6 15. Qe2 O-O-O 16. g3 Bd6 17. c4 c5 18. Bc3 cxd4 19. Nxd4 a6 20. Kb1 Bc5 21.
Nb3 Rxd1+ 22. Rxd1 Rd8 23. Rxd8+ Kxd8 24. Bxf6+ gxf6 25. Nxc5 Qxc5 26. b3 Ke7
27. Qf3 b6 28. Qe3 Qd6 29. Kc2 b5 30. cxb5 axb5 31. Kc3 e5 32. g4 Ke6 33. f3
Ke7 34. Kb2 b4 35. a3 bxa3+ 36. Ka2 Qa6 37. b4 Kd6 38. Qc3 Qa7 39. Qd3+ Kc7 40.
Qd5 Qe3 41. Qxf7+ Kb6 42. Qb3 1/2-1/2

[Event "Gausdal Classics - GM B"]
[Site "Gausdal"]
[Date "2007.04.22"]
[Round "5"]
[White "Westerinen, Heikki MJ"]
[Black "Savage, Ben"]
[Result "1-0"]
[WhiteElo "2384"]
[BlackElo "2332"]
[PlyCount "58"]
[EventDate "2007.04.18"]
[EventType "swiss"]
[EventRounds "9"]
[EventCountry "NOR"]

1. e4 e5 2. Nf3 Nc6 3. Bb5 a6 4. Ba4 Nf6 5. O-O Be7 6. Re1 b5 7. Bb3 d6 8. c3
O-O 9. h3 Na5 10. Bc2 c5 11. d4 Nd7 12. b3 Qc7 13. Be3 Bf6 14. d5 Nb6 15. Nbd2
c4 16. b4 Nb7 17. a4 Nxa4 18. Bxa4 bxa4 19. Qe2 a5 20. Nxc4 axb4 21. Nb6 Rb8
22. cxb4 Bd7 23. Rec1 Qd8 24. Qa6 Qe7 25. Rc3 Nd8 26. Rc7 Rxb6 27. Qxb6 Qe8 28.
Qxd6 Bb5 29. Bc5 Kh8 1-0

[Event "Gausdal Classics - GM B"]
[Site "Gausdal"]
[Date "2007.04.22"]
[Round "5"]
[White "Stubberud, Ornulf"]
[Black "White, Michael"]
[Result "1/2-1/2"]
[WhiteElo "2217"]
[BlackElo "2260"]
[PlyCount "76"]
[EventDate "2007.04.18"]
[EventType "swiss"]
[EventRounds "9"]
[EventCountry "NOR"]

1. e4 c5 2. Nf3 Nc6 3. d4 cxd4 4. Nxd4 Nf6 5. Nc3 e5 6. Ndb5 d6 7. Bg5 a6 8.
Na3 b5 9. Nd5 Be7 10. Bxf6 Bxf6 11. c3 Rb8 12. Nc2 Bg5 13. a4 bxa4 14. Ncb4 Bd7
15. Bxa6 Nxb4 16. Nxb4 Qa5 17. Qxd6 Rb6 18. Qd3 Be7 19. Nd5 Rxb2 20. Nxe7 Kxe7
21. Bc4 Rd8 22. Qf3 Be8 23. O-O Rdd2 24. Bd5 a3 25. Qg3 Kf8 26. Qxe5 Qc5 27.
Qg3 a2 28. h3 Qb6 29. c4 Rb1 30. Qa3+ Kg8 31. Kh2 Qb8+ 32. Qg3 Qb2 33. Rxa2
Qxa2 34. Qe5 Ba4 35. Qc7 Be8 36. Qc8 Kf8 37. Qc5+ Kg8 38. Qc8 Kf8 1/2-1/2

[Event "Gausdal Classics - GM B"]
[Site "Gausdal"]
[Date "2007.04.22"]
[Round "5"]
[White "Tolhuizen, Ludo"]
[Black "Kvisla, Johannes Luangtep"]
[Result "1-0"]
[WhiteElo "2255"]
[BlackElo "2134"]
[PlyCount "75"]
[EventDate "2007.04.18"]
[EventType "swiss"]
[EventRounds "9"]
[EventCountry "NOR"]

1. d4 d5 2. Bf4 Nf6 3. e3 g6 4. Nf3 Bg7 5. Be2 O-O 6. O-O c5 7. c3 Nc6 8. h3
Nd7 9. Nbd2 e5 10. dxe5 Ndxe5 11. Nxe5 Nxe5 12. Nf3 Nc6 13. Qb3 c4 14. Qd1 h6
15. Qd2 Be6 16. Nd4 Nxd4 17. exd4 Kh7 18. Bf3 Qd7 19. Rfe1 Rfe8 20. Re2 Bf5 21.
Rae1 Rxe2 22. Qxe2 Be6 23. Be5 Bxe5 24. Qxe5 a5 25. h4 h5 26. Re3 Qd8 27. Qf4
Kg7 28. Re5 a4 29. a3 Ra5 30. Bxh5 Rb5 31. Bxg6 Qf6 32. Bf5 Rxb2 33. Qg3+ Kf8
34. Bxe6 fxe6 35. Re3 Ke8 36. Rf3 Qh6 37. Qb8+ Kd7 38. Rf7+ 1-0

[Event "Gausdal Classics - GM B"]
[Site "Gausdal"]
[Date "2007.04.22"]
[Round "5"]
[White "Tjolsen, Katrine"]
[Black "Bentsen, Oyvind"]
[Result "1/2-1/2"]
[WhiteElo "2081"]
[BlackElo "2180"]
[PlyCount "45"]
[EventDate "2007.04.18"]
[EventType "swiss"]
[EventRounds "9"]
[EventCountry "NOR"]

1. d4 d6 2. c4 Nf6 3. Nc3 g6 4. e4 Bg7 5. f4 O-O 6. Nf3 c5 7. d5 e6 8. Be2 exd5
9. cxd5 Bg4 10. O-O Re8 11. h3 Bxf3 12. Bxf3 Qa5 13. Re1 Nbd7 14. Be3 b5 15. a3
Nb6 16. e5 Nc4 17. exf6 Nxe3 18. Rxe3 Rxe3 19. fxg7 Rae8 20. f5 b4 21. axb4
Qxb4 22. Qd2 Qh4 23. Rf1 1/2-1/2

[Event "Gausdal Classics - GM B"]
[Site "Gausdal"]
[Date "2007.04.22"]
[Round "5"]
[White "Andersen, Mads"]
[Black "Saevareid, Ove"]
[Result "1/2-1/2"]
[WhiteElo "2039"]
[BlackElo "2198"]
[PlyCount "41"]
[EventDate "2007.04.18"]
[EventType "swiss"]
[EventRounds "9"]
[EventCountry "NOR"]

1. e4 e5 2. Nf3 Nc6 3. Bb5 Nf6 4. O-O Nxe4 5. d4 Nd6 6. Bxc6 dxc6 7. dxe5 Nf5
8. Qxd8+ Kxd8 9. Nc3 Ke8 10. h3 Be7 11. Rd1 Nh4 12. Nxh4 Bxh4 13. Ne2 Be7 14.
g4 h5 15. f3 hxg4 16. hxg4 Bd7 17. Be3 c5 18. Kg2 Bc6 19. c4 Rd8 20. Nf4 Rxd1
21. Rxd1 1/2-1/2

[Event "Gausdal Classics - GM B"]
[Site "Gausdal"]
[Date "2007.04.22"]
[Round "5"]
[White "Guddahl, Viggo"]
[Black "Thomassen, Joachim"]
[Result "1/2-1/2"]
[WhiteElo "2159"]
[BlackElo "2048"]
[PlyCount "43"]
[EventDate "2007.04.18"]
[EventType "swiss"]
[EventRounds "9"]
[EventCountry "NOR"]

1. Nf3 Nf6 2. g3 d5 3. Bg2 c5 4. c4 d4 5. b4 cxb4 6. a3 bxa3 7. Bxa3 g6 8. d3
Bg7 9. Nbd2 Nc6 10. O-O O-O 11. Qb3 Qc7 12. Rfb1 Rb8 13. Qb2 Rd8 14. Nb3 e5 15.
Nfd2 b6 16. Ne4 Nxe4 17. Bxe4 Be6 18. Bg2 Rdc8 19. Nd2 f5 20. Qb5 e4 21. f4 Na5
22. Bb4 1/2-1/2